000 00773nmc a2200313 a 4500
003 AR-BaBNM
005 20251128205932.0
008 138019s1975 ||||||||||||||000 | spa||
040 _cAR-BaBNM
100 1 _aPonem, Pierre
245 1 0 _aL'Alsace
250 _a2ยช ed.
260 _aNovara
_bEditions Atlas
_c1975
300 0 _a64 p.
490 0 _aDocumentaires alpha
650 4 _aGEOGRAFIA REGIONAL
650 4 _aZONAS GEOGRAFICAS Y PAISES
650 4 _aBELLEZAS NATURALES
650 4 _aPAISAJE
650 4 _aMONUMENTOS HISTORICOS
650 4 _aARTE RELIGIOSO
650 4 _aDISENO ARQUITECTONICO
650 4 _aEDIFICIOS RELIGIOSOS
650 4 _aPATRIMONIO CULTURAL
651 4 _aFrancia
651 4 _aAlemania
942 _cBK
998 _cMARTIN
999 _c13371
_d13371